|
|
|
|
| LEADER |
01176nam a2200349 a 4500 |
| 001 |
001245568 |
| 003 |
CZ BrMZK |
| 005 |
20120920091719.0 |
| 007 |
ta |
| 008 |
120904s2011 gw e 001 0 ger |
| 020 |
|
|
|a 978-3-550-08877-3
|q (váz.)
|
| 040 |
|
|
|a BOA001
|b cze
|
| 043 |
|
|
|a e-gx---
|
| 072 |
|
7 |
|a 811.112.2
|x Němčina
|2 Konspekt
|9 11
|
| 080 |
|
|
|a 811.112.2
|2 MRF
|
| 080 |
|
|
|a 81'282
|2 MRF
|
| 080 |
|
|
|a 81'28
|2 MRF
|
| 080 |
|
|
|a (430)
|2 MRF
|
| 080 |
|
|
|a (048.8)
|2 MRF
|
| 100 |
1 |
|
|a Göttert, Karl-Heinz,
|d 1943-
|7 xx0031125
|4 aut
|
| 245 |
1 |
0 |
|a Alles außer Hochdeutsch :
|b ein Streifzug durch unsere Dialekte /
|c Karl-Heinz Göttert
|
| 260 |
|
|
|a Berlin :
|b Ullstein,
|c c2011
|
| 300 |
|
|
|a 384 s. ;
|c 21 cm
|
| 504 |
|
|
|a Obsahuje bibliografii a rejstříky
|
| 650 |
0 |
7 |
|a němčina
|7 ph115512
|2 czenas
|
| 650 |
0 |
7 |
|a dialekty
|7 ph114314
|z Německo
|2 czenas
|
| 650 |
0 |
7 |
|a geografická lingvistika
|7 ph137909
|z Německo
|2 czenas
|
| 655 |
|
7 |
|a monografie
|7 fd132842
|2 czenas
|
| 910 |
2 |
|
|a BOA001
|b NK-0006.385
|
| 990 |
|
|
|a BK
|
| 991 |
|
|
|b 201209
|c NOV
|e n
|x 44
|
| 996 |
7 |
|
|b 261D008530
|c NK-0006.385
|l Německá knihovna/2.patro
|r ZHR
|n 13
|p dar
|h D-ling
|w 001279858
|u 000010
|a 0
|e BOA001
|j MZK50
|s A
|